[Event "Las Americas op U1800 Hybrid"]
[Site "Internet"]
[Date "2022.06.04"]
[Round "2.24"]
[White "Segovia Portal, Franz Reynaldo"]
[Black "Perez Valero, Rodrigo Gael"]
[Result "0-1"]
[WhiteElo "1785"]
[BlackElo "1624"]
[PlyCount "80"]
[EventDate "2022.06.04"]
[EventType "swiss"]
[EventRounds "6"]
[EventCountry "VEN"]
[SourceTitle "EXT 2024"]
[Source "ChessBase"]
[SourceDate "2023.10.10"]
[SourceVersion "1"]
[SourceVersionDate "2023.10.10"]
[SourceQuality "1"]

1. d4 c6 2. c4 d5 3. Nf3 Nf6 4. g3 Bg4 5. Bg2 e6 6. 0-0 Bd6 7. Nc3 0-0 8. Bg5 h6 9. Bxf6 Qxf6 10. e4 dxe4 11. Nxe4 Qe7 12. Qb3 b6 13. Rfe1 Qc7 14. Rac1 Nd7 15. Nfd2 Rac8 16. c5 bxc5 17. dxc5 Be7 18. Nc4 Nxc5 19. Qe3 Nxe4 20. Qxe4 Bf5 21. Qf3 Bg5 22. Rc3 Bf6 23. Rb3 Rb8 24. Rxb8 Rxb8 25. b3 c5 26. h3 Rd8 27. Ne3 Qa5 28. Rc1 Bg6 29. a4 Qb4 30. Ng4 Bg5 31. Rc3 h5 32. Ne5 Bf6 33. Re3 Bxe5 34. Rxe5 Rd3 35. Qa8+ Kh7 36. Be4 Bxe4 37. Rxe4 Qxb3 38. Rh4 g6 39. Qe4 Rd1+ 40. Kg2 Qd5 0-1

[Event "Staufer op 32nd"]
[Site "Schwaebisch Gmuend"]
[Date "2020.01.02"]
[Round "2"]
[White "Perez Valero, Rodrigo Gael"]
[Black "Heimers, Remy"]
[Result "0-1"]
[WhiteElo "1690"]
[BlackElo "1977"]
[PlyCount "40"]
[EventDate "2020.01.02"]
[EventType "swiss"]
[EventRounds "9"]
[EventCountry "GER"]
[SourceTitle "EXT 2021"]
[Source "ChessBase"]
[SourceDate "2020.10.23"]
[SourceVersion "1"]
[SourceVersionDate "2020.10.23"]
[SourceQuality "1"]

1. d4 Nf6 2. Bg5 Ne4 3. Bf4 c5 4. f3 Qa5+ 5. c3 Nf6 6. d5 e6 7. e4 Qb6 8. Bc1 d6 9. c4 g6 10. Nc3 Bg7 11. dxe6 Bxe6 12. Nb5 0-0 13. Qxd6 Nc6 14. Be3 Nd7 15. Qd2 Rac8 16. Qc2 f5 17. exf5 Bxf5 18. Bd3 Nb4 19. Qb3 Nxd3+ 20. Kf1 Rfe8 0-1

[Event "Heusenstamm Sparkassen op-A 6th"]
[Site "Heusenstamm"]
[Date "2019.11.24"]
[Round "7"]
[White "Perez Valero, Rodrigo Gael"]
[Black "Kuerschner, Matthias"]
[Result "0-1"]
[WhiteElo "1551"]
[BlackElo "1993"]
[PlyCount "40"]
[EventDate "2019.11.21"]
[EventType "swiss"]
[EventRounds "7"]
[EventCountry "GER"]
[SourceTitle "CBM 194 Extra"]
[Source "ChessBase"]
[SourceDate "2020.03.31"]
[SourceVersion "1"]
[SourceVersionDate "2020.03.31"]
[SourceQuality "1"]

1. d4 Nf6 2. Nf3 d6 3. Bf4 g6 4. e3 Bg7 5. Nbd2 a5 6. Bd3 Nbd7 7. c3 c6 8. a4 0-0 9. 0-0 Re8 10. h3 e5 11. dxe5 dxe5 12. Bg5 h6 13. Bxf6 Nxf6 14. Bc2 b5 15. Ne4 Nd5 16. Re1 Bf8 17. Qe2 Qb6 18. Red1 f5 19. Rxd5 cxd5 20. Nf6+ Qxf6 0-1